Los límites de la libertad: entre la anarquía y el Leviatán.
Saved in:
| 主要作者: | |
|---|---|
| 格式: | 圖書 |
| 語言: | 西班牙语 |
| 出版: |
Buenos Aires, Argentina
Katz
2009
|
| 叢編: | Conocimiento.
3061 |
| 主題: | |
| 標簽: |
添加標簽
沒有標簽, 成為第一個標記此記錄!
|
MARC
| LEADER | 00000cam a2200000 a 4500 | ||
|---|---|---|---|
| 001 | UCD8773 | ||
| 003 | CL-VaPUC | ||
| 005 | 20240105095258.0 | ||
| 008 | 170527e20090000ag |||||||||||||||||spa|d | ||
| 999 | |c 368082 |d 368080 | ||
| 020 | |a 9789871566075 | ||
| 040 | |c Pontificia Universidad Católica de Valparaíso | ||
| 082 | 0 | 4 | |a 321.07 BUC 2009 |2 21 |
| 100 | 0 | |a Buchanan, James M |9 592275 | |
| 245 | 1 | 4 | |a Los límites de la libertad: entre la anarquía y el Leviatán. |
| 260 | 0 | 3 | |a Buenos Aires, Argentina |b Katz |c 2009 |
| 300 | |a 275 páginas | ||
| 490 | 0 | |a Conocimiento. |v 3061 | |
| 583 | |a last modification |c 20170527 00:32:00 |k Rodrigo Vera | ||
| 650 | 0 | |a Contrato social |9 308917 | |
| 650 | 0 | |a Libertad |9 255686 | |
| 650 | 0 | |a Estado |9 255503 | |
| 650 | 0 | |a Anarquismo |9 269177 | |
| 942 | |c BK |2 ddc | ||
| 945 | |d 20170527 00:32:00 |a dcastane | ||
| 952 | |0 0 |1 0 |2 ddc |3 erb |4 0 |6 321_070000000000000_BUC_2009 |7 0 |8 A |9 483341 |a BIBEDU |b BIBEDU |i 5377331 |o 321.07 BUC 2009 |p 5377331 |r 2021-05-25 |t 1 |w 2019-11-24 |y BK |z Catalogado en:20170527 |k FIL | ||